000
00294nam a2200145Ia 4500
100
_a
Wilson/ Robin J
942
_c
BK
654
_a
mathematics
245
_a
Intro. to Graph Theory
260
_b
Longman
_c
2000
082
_a
511.5
_b
WIL
300
_a
171
546
_a
ENGLISH
999
_c
33429
_d
33429